000 01340cam a2200301 i 4500
003 OSt
005 20200812114523.0
008 160517s2011 ck ao grb 000 0dspa d
010 _a 2015453914
020 _a9789589971512
040 _aEQO
_cCO-JMCR
041 0 _aspa
082 0 4 _a304.80986 /
_bV648d
_223
100 1 _aVidal López, Roberto,
_eautor
_98642
245 1 0 _aDesplazamiento forzado y construcción de paz en Colombia, 2009-2010 /
_cRoberto Vidal, Jorge Salcedo, Adriana Medina ; fotografías, Daniel Hernández-Salazar.
260 _aBogotá :
_bCODHES Consultoría para los Derechos Humanos y el Desplazamiento
_c2011.
300 _a116 páginas : ,
_bilustraciones, fotografías a color ;
_c24 cm.
500 _adatos biográficos de los autores [119].
504 _aBibliografía : páginas 113-116.
520 _aLa paz y el desplazamiento forzoso son fenómenos que se encuentran estrechamente vinculados. Por un lado, la resolución definitiva del desplazamiento sólo será posible
650 2 4 _aDesplazados internos
_zColombia.
_98643
650 2 4 _aMigración forzada
_zColombia.
_98644
650 2 4 _aConstrucción de paz
_zColombia.
_98645
700 1 _aSalcedo, Jorge,
_eautor
_98646
700 1 _aMedina, Adriana,
_98647
700 1 _aHernández-Salazar, Daniel,
_efotógrafo
_98648
942 _2ddc
_cBK
999 _c6789
_d6789